000 01800cam a22004094a 4500
001 14163750
003 OSt
005 20251114105452.0
008 051102s2006 nyu b 001 0 eng
010 _a 2005057047
020 _a0761524215
020 _a9780345487674
035 _a14163750
035 _a(OCoLC)62282748
040 _aDLC
_cDLC
_dYDX
_dBAKER
_dOCO
_dDLC
042 _apcc
050 0 0 _aHQ770.4
_b.N43 2000
082 0 0 _a649/.64
_222
100 1 _aNelsen, Jane.
245 1 0 _aPositive discipline in the Classroom
_cJane Nelsen.
_bDeveloping Mutual Respect, Cooperation ,and Responsibility in Your Classroom.
250 _aRevised 3rd edition.
260 _aNew York :
_bBallantine Books,
_c2000
300 _axxvi, 349 p. ;
_c21 cm.
336 _atext
_btxt
_2rdacontent
337 _aunmediated
_bn
_2rdamedia
338 _avolume
_bnc
_2rdacarrier
500 _a"Originally published in a different form by Sunrise Press, Fair Oaks, California, in 1981. First revised edition published by Ballantine Books, a division of Random House, Inc., in 1987"--T.p. verso.
504 _aIncludes bibliographical references (p. [335]-342) and index.
650 0 _aDiscipline of children.
856 4 2 _3Publisher description
_uhttp://www.loc.gov/catdir/enhancements/fy0634/2005057047-d.html
856 4 1 _3Sample text
_uhttp://www.loc.gov/catdir/enhancements/fy0643/2005057047-s.html
856 4 2 _3Contributor biographical information
_uhttps://www.loc.gov/catdir/enhancements/fy1616/2005057047-b.html
906 _a7
_bcbc
_corignew
_d1
_eocip
_f20
_gy-gencatlg
942 _2lcc
_cBK
999 _c265190
_d265189